Las escuelas nuevas de Prusia y Westfalia
Salvato in:
| Autore principale: | |
|---|---|
| Natura: | Libro |
| Lingua: | spagnolo |
| Pubblicazione: |
Santiago
Dirección General de Educación Primaria
1928
|
| Serie: | Publicaciones del Departamento Técnico, 6
|
| Soggetti: | |
| Tags: |
Aggiungi Tag
Nessun Tag, puoi essere il primo ad aggiungerne!!
|
MARC
| LEADER | 00000nam a2200000 a 4500 | ||
|---|---|---|---|
| 001 | UCY4185 | ||
| 003 | CL-VaPUC | ||
| 008 | 950302e19280000CL |||||||||||||||||spa|d | ||
| 082 | 0 | 4 | |a 372.011 |b VAL |2 21 |
| 100 | 0 | |a Valenzuela, Domingo |e author |9 332600 | |
| 245 | 1 | 4 | |a Las escuelas nuevas de Prusia y Westfalia |
| 300 | |a 18 p | ||
| 942 | |c BK | ||
| 945 | |d 19950302 00:00:00 |a rbrito | ||
| 260 | |a Santiago |b Dirección General de Educación Primaria |c 1928 | ||
| 650 | 0 | |a Educación básica |9 224933 | |
| 651 | 0 | |a Alemania |9 255688 | |
| 583 | |a last modification |c 19950302 00:00:00 |k Rodrigo Vera | ||
| 490 | 0 | |a Publicaciones del Departamento Técnico, 6 | |
| 999 | |c 232122 |d 232120 | ||
| 952 | |0 0 |1 0 |4 0 |6 372_011000000000000_VAL_1928 |7 0 |8 P |9 236175 |a BIBEDU |b BIBEDU |c BIBEDU_PB |d 2019-11-15 |i 3035654 |o 372.011 VAL 1928 |p 3035654 |r 2024-01-25 |w 2019-11-15 |y BK |k EDU | ||